Communist Countries - Statistics

General Stats
  • This quiz has been taken 39 times
  • The average score is 4 of 5
Answer Stats
Hint Answer % Correct
1965– Cuba
95%
1949– China
92%
1954– Vietnam
87%
1948– North Korea
82%
1975– Laos
79%
No matching quizzes found
Score Distribution
Percent of People with Each Score
Percentile by Number Answered
Your Score History
You have not taken this quiz